000 00262nam a2200121Ia 4500
100 _aGiachino/J.W.
942 _cBK
654 _aWelding
245 _aWelding Skills & Practices
260 _bTaraporevala Sons & Co
_c2001
300 _a342
546 _aENGLISH
999 _c23214
_d23214